[Event "KSA SSS 18/19 Hostivice A-Sedlcany A"]
[Site "ChessDB.cz"]
[Date "2018.11.18"]
[Round "-"]
[White "Hlavacek, Ondrej"]
[Black "Dbaly, Vaclav"]
[Result "0-1"]
[WhiteElo "1716"]
[BlackElo "1808"]
1. Nf3 d5 2. g3 Nf6 3. Bg2 g6 4. b3 Bg7 5. Bb2 c6 6. c4 O-O 7. O-O Be6 8. d3 Qb6 9. Qc2 Nbd7 10. Nc3 dxc4 11. bxc4 Qc5 12. a4 Qh5 13. Rab1 Rab8 14. Ba3 Rfe8 15. Bc1 Bh3 16. Bxh3 Qxh3 17. Ng5 Qh5 18. Nf3 Ng4 19. Kg2 f5 20. h3 Ngf6 21. Be3 b6 22. Nd4 Rbc8 23. Ne6 Bh6 24. Qd2 Bxe3 25. Qxe3 Nf8 26. a5 f4 27. gxf4 Qxa5 28. Rfc1 Qf5 29. Nd4 Qd7 30. Nf3 Nh5 31. Qe5 Ne6 32. e3 Rf8 33. d4 Nexf4+ 34. exf4 Nxf4+ 35. Kg1 Qxh3 36. Ne1 Qg4+ 37. Kf1 Qh3+ 38. Kg1 Rf5 39. Qxe7 Rh5 40. Qe4 Rg5+ 41. Ng2 Rxg2+ 0-1

[Event "KSA SSS 2018/19 Hostivice"]
[Site "ChessDB.cz"]
[Date "2018.11.04"]
[Round "-"]
[White "Dbaly, Vaclav"]
[Black "Docekal, Vladimir"]
[Result "1-0"]
[WhiteElo "1808"]
[BlackElo "1914"]
1. e4 c6 2. d4 d5 3. e5 Bf5 4. Nd2 e6 5. c3 Nd7 6. h4 h5 7. Be2 c5 8. Bb5 cxd4 9. cxd4 a6 10. Bxd7+ Qxd7 11. Ne2 Rc8 12. Nc3 Ne7 13. Nb3 Nc6 14. a3 Be7 15. Be3 Qc7 16. Rc1 Qd8 17. g3 Bg6 18. f3 O-O 19. Ne2 Na7 20. Nf4 Qb6 21. Nxg6 fxg6 22. O-O Rxc1 23. Bxc1 Rc8 24. Qd3 Nc6 25. Be3 Kf7 26. Rc1 Na7 27. Rxc8 Nxc8 28. Qc3 Qc6 29. Bd2 Qxc3 30. Bxc3 b6 31. f4 Bd8 32. Kf2 Ke8 33. Nc1 Kd7 34. Nd3 Be7 35. Ke3 Bd8 36. Bb4 Be7 37. Be1 Kc6 38. Nb4+ Kb7 39. Kd3 b5 40. Nc2 Kb6 41. Kc3 a5 42. Kd3 Bd8 43. b3 Ka6 44. Bd2 Ne7 45. Kc3 Nf5 46. Be1 Bb6 47. Bf2 Ne7 48. Ne1 Nc6 49. Nf3 Nd8 50. Ng5 Kb7 51. Nh7 Kc7 52. Nf8 Kc8 53. Nxg6 Kd7 54. f5 Nf7 55. fxe6+ Kxe6 56. Nf4+ Kf5 57. Nxd5 Bd8 58. Nf4 Kg4 59. e6 Nd6 60. Kd3 Kf3 61. Be1 Nf5 62. d5 Be7 63. Nxh5 Bxa3 64. b4 axb4 65. Nf4 b3 66. Ng6 b2 67. Kc2 Ke4 68. g4 Ne7 69. Nxe7 Bxe7 70. Kxb2 Kxd5 71. h5 Bg5 72. Bc3 Kxe6 73. Bxg7 Kf7 74. Bc3 Ke6 75. Kc2 Kf7 76. Bd2 Bf6 77. Kb3 Be7 78. Bc3 Kg8 79. Bb4 Bf6 80. Bd6 Kf7 81. Kb4 Bg5 82. Be5 Ke6 83. Bd4 Kd5 84. Bg7 Ke6 85. Kxb5 Kf7 86. Bd4 Ke6 87. Kc5 Be7+ 88. Kc4 Bg5 89. Bh8 Bh6 90. Kd4 Kf7 91. Ke4 Ke6 92. Be5 Bg5 93. Bf4 Bf6 94. Bh6 Bc3 95. Bg5 Bb2 96. Be3 Bc3 97. g5 Bb2 98. g6 Ke7 99. Kf5 Kf8 100. Bg5 Kg8 101. h6 Bc3 102. Bf6 Bxf6 103. Kxf6 Kh8 104. g7+ Kh7 105. Kf7 1-0

[Event "KSA SSS 17/18, Revnice A - Hostivice A"]
[Site "ChessDB.cz"]
[Date "2018.04.08"]
[Round "-"]
[White "Dbaly, Vaclav"]
[Black "Kolarik, Leos"]
[Result "1-0"]
[WhiteElo "1799"]
[BlackElo "1760"]
1. e4 c5 2. Nf3 d6 3. d4 cxd4 4. Nxd4 Nf6 5. Nc3 a6 6. Be2 e6 7. Be3 Be7 8. O-O O-O 9. Qd2 b5 10. f3 Bb7 11. a4 b4 12. Nd1 Nc6 13. Nf2 Nxd4 14. Bxd4 e5 15. Be3 a5 16. Rfd1 Qc7 17. Bg5 Rfd8 18. b3 Ba6 19. Rac1 Bxe2 20. Qxe2 h6 21. Be3 d5 22. exd5 Nxd5 23. Bd2 Rac8 24. Nd3 Bf6 25. Nb2 e4 26. Nc4 exf3 27. Qxf3 Nc3 28. Re1 Re8 29. Bxh6 Rxe1+ 30. Rxe1 Bd4+ 31. Be3 Re8 32. Kf1 Bf6 33. Bf4 Rxe1+ 34. Kxe1 Qe7+ 35. Qe3 Ne4 36. Kf1 Nc3 37. Qxe7 Bxe7 38. Nxa5 Nd5 39. Bd2 Kf8 40. Nc6 1-0

[Event "KSA SSS 17/18, Hostivice A-Kolesovice B"]
[Site "ChessDB.cz"]
[Date "2018.03.18"]
[Round "-"]
[White "Dbaly, Vaclav"]
[Black "Hejda, Vaclav"]
[Result "1-0"]
[WhiteElo "1791"]
[BlackElo "1724"]
1. e4 e5 2. Nf3 Nc6 3. Nc3 Nf6 4. Bb5 d6 5. h3 Bd7 6. d3 Be7 7. O-O O-O 8. Be3 a6 9. Bxc6 Bxc6 10. Nh2 Qd7 11. Ne2 Rad8 12. c4 b5 13. b3 b4 14. Ng3 g6 15. f4 exf4 16. Bxf4 Bb7 17. Bh6 Rfe8 18. Bg5 Qe6 19. Nf3 c5 20. Qe1 Nd7 21. Ne2 Ne5 22. Qh4 Nxf3+ 23. Rxf3 Bxg5 24. Qxg5 Qe5 25. Qxe5 Rxe5 26. Raf1 Rf8 27. Ng3 Ree8 28. Rf4 Bc8 29. R1f2 Re5 30. Rf6 Re6 31. Nf1 Kg7 32. R6f3 Re5 33. Ne3 Bb7 34. Ng4 Re6 35. Nf6 Re7 36. g4 h6 37. h4 Bc8 38. g5 h5 39. Nd5 Rb7 40. Rf6 Be6 41. Nf4 Re8 42. Kg2 a5 43. Kf3 Ra7 44. Ke3 Rd7 45. Rd2 Rdd8 46. d4 Bf5 47. dxc5 Bxe4 48. cxd6 Bf5+ 49. Kf2 Rd7 50. Nd5 Rc8 51. Nb6 Rc5 52. Nxd7 Bxd7 53. Rd5 Rxd5 54. cxd5 1-0

[Event "KSA SSS 17/18, Ricany D- TJ Hostivice A"]
[Site "ChessDB.cz"]
[Date "2018.02.25"]
[Round "-"]
[White "Riha, Jaroslav"]
[Black "Dbaly, Vaclav"]
[Result "1-0"]
[WhiteElo "2027"]
[BlackElo "1783"]
1. e4 d6 2. d4 Nf6 3. Bd3 g6 4. f4 Bg7 5. Nf3 e6 6. O-O d5 7. exd5 Nxd5 8. Ne5 Ne7 9. Kh1 O-O 10. Be3 Nbc6 11. c3 Nxe5 12. fxe5 Nd5 13. Bg1 Bd7 14. Nd2 Bc6 15. Qg4 Ne7 16. Rae1 b6 17. Re2 Rc8 18. Be4 Bxe4 19. Nxe4 Nf5 20. b4 Qe7 21. Qh3 h5 22. a3 Qh4 23. Qf3 g5 24. Bf2 g4 25. Qd3 Qd8 26. Rd2 Qe7 27. Be3 Nxe3 28. Qxe3 f5 29. exf6 Rxf6 30. Nxf6+ Bxf6 31. Rdf2 Bg5 32. Qxg5+ 1-0

[Event "KSA-SSS 17/18 Caissa B-Hostivice A"]
[Site "ChessDB.cz"]
[Date "2018.01.28"]
[Round "-"]
[White "Vondrasek, Ondrej"]
[Black "Dbaly, Vaclav"]
[Result "0-1"]
[WhiteElo "1936"]
[BlackElo "1761"]
1. c4 e5 2. Nc3 Nc6 3. g3 Nf6 4. Bg2 Bc5 5. e3 O-O 6. Nge2 d6 7. O-O Bg4 8. a3 a6 9. Qc2 Qd7 10. b4 Ba7 11. Bb2 Bh3 12. Ne4 Nxe4 13. Qxe4 Bxg2 14. Kxg2 b5 15. Rac1 Ne7 16. cxb5 axb5 17. Qd3 Rfd8 18. Nc3 c6 19. Ne2 Qe6 20. f4 e4 21. Qc3 f6 22. Nd4 Bxd4 23. Qxd4 Rac8 24. h3 Nd5 25. g4 c5 26. f5 cxd4 27. fxe6 dxe3 28. e7 Nxe7 29. dxe3 Rxc1 30. Rxc1 Rc8 31. Rxc8+ Nxc8 32. Kg3 Kf7 33. Kf4 d5 34. g5 Nd6 35. h4 fxg5+ 36. hxg5 g6 37. Bc1 Ke6 38. Kg4 Nc4 39. Kf4 Kd6 40. Kg3 Ke5 41. Kf2 Kf5 42. a4 bxa4 43. b5 Kxg5 44. Ba3 Kf5 45. Bc5 Ke6 0-1

[Event "KSA SSS 17/18, Hostivice A - Zdice A"]
[Site "ChessDB.cz"]
[Date "2018.01.14"]
[Round "-"]
[White "Tresnak, Lukas"]
[Black "Dbaly, Vaclav"]
[Result "1-0"]
[WhiteElo "1807"]
[BlackElo "1783"]
1. c4 Nf6 2. Nc3 d5 3. cxd5 Nxd5 4. d4 c6 5. Nf3 g6 6. e4 Nxc3 7. bxc3 Bg7 8. Bc4 O-O 9. O-O Nd7 10. Bf4 Nb6 11. Bb3 Bg4 12. h3 Bxf3 13. Qxf3 e6 14. Rad1 Qe7 15. c4 Rad8 16. c5 Nc8 17. Qe3 Rd7 18. d5 exd5 19. exd5 cxd5 20. Rxd5 Re8 21. Re1 Qxe3 22. Rxe3 Rxe3 23. Rxd7 Re1+ 24. Kh2 Ne7 25. Rd8+ Bf8 26. Bh6 1-0

[Event "KSA SSS 17/18, Hostivice A - Sedlcany A"]
[Site "ChessDB.cz"]
[Date "2017.12.17"]
[Round "-"]
[White "Dbaly, Vaclav"]
[Black "Kutil, Pavel"]
[Result "0-1"]
[WhiteElo "1781"]
[BlackElo "1721"]
1. e4 e6 2. d4 d5 3. e5 c5 4. c3 Nc6 5. Nf3 Nge7 6. Be2 Nf5 7. O-O Qb6 8. dxc5 Bxc5 9. Bd3 Nh6 10. Nbd2 Ng4 11. Qe2 Qc7 12. Nb3 Bb6 13. Bb5 Bd7 14. Bxc6 bxc6 15. h3 Nh6 16. Be3 Bxe3 17. Qxe3 Nf5 18. Qg5 O-O 19. Rad1 h6 20. Qh5 g6 21. Qg4 c5 22. Rfe1 Bb5 23. h4 Qe7 24. Qf4 Kh7 25. g3 Rab8 26. Rd2 Bc4 27. Na5 Bb5 28. Nh2 g5 29. hxg5 Qxg5 30. Qxg5 hxg5 31. Nb3 Rfc8 32. Ng4 Kg6 33. Nf6 Rc7 34. Nc1 Rd8 35. Ne2 Rcc8 36. b3 a5 37. Rdd1 Ra8 38. c4 Ba6 39. Nc3 d4 40. Na4 Rac8 41. Rd3 Bb7 42. Kf1 Rh8 43. Ke2 Ne7 44. Nd7 g4 45. Rg1 Bf3+ 46. Ke1 Nc6 47. Naxc5 Nb4 48. Rd2 Rhd8 49. a3 Nc6 50. Nb6 Rb8 51. Ncd7 Rb7 52. Rb2 Rbxd7 53. Nxd7 Rxd7 54. b4 Nxe5 0-1

[Event "KSA SSS 17/18 Zvole - Hostivice"]
[Site "ChessDB.cz"]
[Date "2017.12.03"]
[Round "-"]
[White "Dbaly, Vaclav"]
[Black "Polak, Jiri"]
[Result "1-0"]
[WhiteElo "1781"]
[BlackElo "1901"]
1. e4 d6 2. d4 Nf6 3. Nc3 g6 4. f4 Bg7 5. Nf3 c5 6. dxc5 Qa5 7. Bd3 Qxc5 8. Qe2 O-O 9. a3 Nc6 10. Bd2 Bg4 11. h3 Bxf3 12. Qxf3 a6 13. g4 Rad8 14. Be3 Qa5 15. Kf2 e5 16. f5 Nd4 17. Qg2 b5 18. g5 Nh5 19. b4 Qc7 20. Nd5 Qb7 21. f6 Rd7 22. fxg7 Kxg7 23. c3 f5 24. Ke1 Ne6 25. Rf1 f4 26. Bf2 f3 27. Qg1 Nef4 28. Nxf4 Nxf4 29. Bc2 Ne2 30. Qg4 Nxc3 31. Be3 Rdf7 32. Rf2 Rf4 33. Bxf4 Rxf4 34. Qg3 Nxe4 35. Bxe4 Qxe4+ 36. Kf1 Qd3+ 37. Kg1 Qc3 38. Raf1 Qe3 39. Kh2 e4 40. Rc2 d5 41. Rfc1 1-0

[Event "KSA SSS 16/17, Hostivice - Libcice"]
[Site "ChessDB.cz"]
[Date "2017.11.19"]
[Round "-"]
[White "Dbaly, Vaclav"]
[Black "Zitko, Martin"]
[Result "1-0"]
[WhiteElo "1761"]
[BlackElo "1724"]
1. e4 c5 2. Nf3 Nc6 3. d4 cxd4 4. Nxd4 g6 5. Be3 d6 6. c3 Bg7 7. Nd2 Nf6 8. Bd3 O-O 9. O-O Ne5 10. Bc2 b6 11. h3 Ba6 12. Re1 Nd3 13. Bxd3 Bxd3 14. f3 d5 15. Bf2 Nh5 16. exd5 Qxd5 17. Ne4 Ba6 18. Nc2 Qxd1 19. Raxd1 Rad8 20. Ne3 Kh8 21. Nd5 e6 22. Nb4 Bb7 23. Nd6 Bd5 24. Nb5 Nf4 25. Bd4 Bc4 26. Bxg7+ Kxg7 27. Nd6 Bd5 28. Nxd5 Nxd5 29. Nb5 a6 30. Nd4 Rc8 31. Rxe6 Nxc3 32. bxc3 fxe6 33. Nxe6+ Kf7 34. Nxf8 Kxf8 35. Rd3 Ke7 36. Kf2 Rc5 37. Ke3 Re5+ 38. Kf2 Ra5 39. Rd2 Ra3 40. Rc2 Kd6 41. Ke3 Kd5 42. Kd3 b5 43. h4 b4 44. g4 a5 45. Kd2 bxc3+ 46. Kd3 Ke5 47. Ke3 Kd5 48. f4 Ra4 49. Rxc3 Rxa2 50. Kf3 a4 51. f5 gxf5 52. gxf5 Rb2 53. Kg4 Rb4+ 54. Kg5 Rb3 55. Rc7 Ke5 56. Re7+ Kd6 57. Rxh7 Ke5 58. Re7+ Kd6 59. Kf6 Rh3 60. Re4 a3 61. Ra4 a2 62. Rxa2 Rxh4 63. Re2 Rg4 64. Kf7 Rg3 65. f6 Kd7 66. Rd2+ Kc7 67. Kf8 Rg4 68. Rd3 Kc8 69. Ra3 Rg2 70. Ra7 Rg3 71. Rg7 Rf3 72. f7 1-0

[Event "KSA SSS 17/18, Brodce - Hostivice"]
[Site "ChessDB.cz"]
[Date "2017.11.05"]
[Round "-"]
[White "Feierfeil, Jiri"]
[Black "Dbaly, Vaclav"]
[Result "0-1"]
[WhiteElo "1801"]
[BlackElo "1761"]
1. d4 Nf6 2. c4 c6 3. Nc3 d5 4. Nf3 g6 5. e3 Bg7 6. Bd3 O-O 7. O-O Re8 8. b3 Nbd7 9. Bb2 Nb6 10. c5 Nbd7 11. b4 e5 12. dxe5 Nxe5 13. Nxe5 Rxe5 14. Ne2 Rh5 15. Ng3 Rh6 16. Rb1 Ng4 17. Bxg7 Kxg7 18. h3 Qh4 19. Re1 Ne5 20. Bf1 Qf6 21. f4 Nc4 22. Bxc4 dxc4 23. Qd4 Qxd4 24. exd4 Rh4 25. Rf1 g5 26. fxg5 Rxd4 27. Rbd1 Rxd1 28. Rxd1 Be6 29. h4 h6 30. Nh5+ Kh7 31. Nf4 Bf5 32. gxh6 c3 33. Rc1 c2 34. g4 Rd8 35. Kf2 Rd1 36. Ne2 Bd3 37. g5 Bxe2 38. Rxc2 Bg4 39. Kg3 Be6 40. Rf2 Rd4 41. Rf6 Rg4+ 42. Kf3 Rxh4 43. g6+ fxg6 44. Rxe6 Rxb4 45. a3 Ra4 46. Re7+ Kxh6 47. Rxb7 Kg5 48. Rc7 Rxa3+ 49. Ke4 Ra6 50. Ke5 Kg4 51. Kd6 Ra3 52. Kxc6 g5 53. Kb5 Kf3 54. Rf7+ Kg3 55. c6 g4 56. Rf5 Rb3+ 57. Ka6 Rb6+ 58. Kxa7 Rxc6 59. Kb7 Rc2 0-1

[Event "KSA SSS 16/17 Sedlcany-Hostivice"]
[Site "ChessDB.cz"]
[Date "2017.04.02"]
[Round "-"]
[White "Dbaly, Vaclav"]
[Black "Sadil, Jan"]
[Result "1/2-1/2"]
[WhiteElo "1757"]
[BlackElo "1752"]
1. e4 e5 2. Nf3 Nc6 3. Bb5 a6 4. Bxc6 dxc6 5. O-O Bg4 6. d3 f6 7. Be3 Qd7 8. h3 Bxf3 9. Qxf3 O-O-O 10. Nd2 g5 11. Qg4 Qxg4 12. hxg4 h5 13. gxh5 Rxh5 14. g4 Rh4 15. f3 Bd6 16. Kg2 Ne7 17. Rh1 Rdh8 18. Bf2 Rxh1 19. Rxh1 Rxh1 20. Kxh1 Ng6 21. Kg2 Nf4+ 22. Kf1 Kd7 23. d4 Ke6 24. Nc4 b6 25. Be3 exd4 26. Bxd4 c5 27. Bc3 b5 28. Ne3 Be5 29. Nf5 Ng6 30. Bxe5 Nxe5 31. Kf2 Nc4 32. b3 Na3 33. Ne3 c6 34. c4 bxc4 35. Nxc4 Nxc4 36. bxc4 Kd6 37. Ke2 Ke6 38. Kd3 Kd6 39. a4 Ke5 40. a5 Kd6 1/2-1/2

[Event "KSA SSS 16/17, C-Hostivice A"]
[Site "ChessDB.cz"]
[Date "2017.02.26"]
[Round "-"]
[White "Dbaly, Vaclav"]
[Black "Kucera, Vladimir"]
[Result "0-1"]
[WhiteElo "1792"]
[BlackElo "1936"]
1. e4 d6 2. d4 Nf6 3. Nc3 c6 4. f4 Nbd7 5. Nf3 Qa5 6. Bd2 e5 7. dxe5 dxe5 8. f5 Bc5 9. Bd3 O-O 10. h3 Qc7 11. g4 b5 12. Ne2 Qb6 13. Rh2 Rd8 14. Ng3 Be3 15. g5 Ne8 16. Qe2 Bxd2+ 17. Nxd2 c5 18. b3 Ba6 19. h4 Rac8 20. c4 Nd6 21. h5 Nf8 22. f6 Ne6 23. Qe3 Nf4 24. Bf1 bxc4 25. bxc4 Qb2 26. Rd1 Nxc4 27. Bxc4 Bxc4 28. Nf5 Rc7 29. g6 fxg6 30. hxg6 gxf6 31. gxh7+ Kh8 32. Qg3 Be6 33. Nc4 Rxd1+ 34. Kxd1 Qb1+ 35. Kd2 Qxa2+ 36. Ke1 Qxc4 37. Rd2 Qxe4+ 38. Kf1 Bc4+ 39. Kg1 Ne2+ 40. Rxe2 Qxe2 0-1

[Event "KSA SSS 16/17, Hostivice A-D"]
[Site "ChessDB.cz"]
[Date "2017.02.12"]
[Round "-"]
[White "Hoch, Vaclav"]
[Black "Dbaly, Vaclav"]
[Result "0-1"]
[WhiteElo "1625"]
[BlackElo "1801"]
1. d4 d5 2. c4 c6 3. Nc3 Nf6 4. Nf3 Bf5 5. e3 e6 6. cxd5 exd5 7. Bd3 Bg4 8. h3 Bh5 9. Bd2 Bd6 10. g4 Bg6 11. Qc2 Qe7 12. Bxg6 hxg6 13. O-O-O Na6 14. a3 Nc7 15. e4 dxe4 16. Rde1 O-O-O 17. Nxe4 Nxe4 18. Rxe4 Qd7 19. h4 Nd5 20. g5 Rde8 21. Rxe8+ Rxe8 22. Re1 Rxe1+ 23. Nxe1 Qg4 24. f3 Qxh4 25. Qe4 Qxe4 26. fxe4 Nc7 27. Nf3 Kd7 28. Kc2 Ne6 29. Kc3 Bf4 30. Bxf4 Nxf4 31. Kc4 Ke6 32. b4 f6 33. a4 Nh3 34. Kc5 Kd7 35. a5 Nf4 36. d5 cxd5 37. exd5 Nh3 38. b5 Nxg5 39. Nh4 Ne4+ 40. Kd4 Nd6 41. Nxg6 Nxb5+ 42. Kc5 Nc7 43. Nf8+ Kd8 44. d6 Na6+ 45. Kd5 g5 46. Ne6+ Ke8 47. Ng7+ Kd7 48. Nh5 f5 49. Nf6+ Kd8 50. Ke5 f4 51. Ne4 f3 52. Nxg5 f2 53. Nh3 f1=Q 0-1

[Event "KSA SSS 16/17, Uholicky  B - Hostivice"]
[Site "ChessDB.cz"]
[Date "2017.01.29"]
[Round "-"]
[White "Dbaly, Vaclav"]
[Black "Burianek, Petr"]
[Result "1-0"]
[WhiteElo "1761"]
[BlackElo "1834"]
1. e4 e5 2. Nf3 Nc6 3. Bb5 a6 4. Ba4 Nf6 5. O-O Be7 6. d3 d6 7. Be3 b5 8. Bb3 Na5 9. c3 Nxb3 10. Qxb3 O-O 11. Nbd2 Bb7 12. Bg5 Re8 13. a4 Rb8 14. axb5 axb5 15. Ra7 Qd7 16. Rfa1 Bc6 17. R1a5 Ra8 18. Qa2 Rxa7 19. Rxa7 Rb8 20. Qa5 Ne8 21. Bxe7 Qxe7 22. Qa6 Bd7 23. Nf1 g6 24. Ne3 Be6 25. Nc2 Bc8 26. Qa3 Bb7 27. Nb4 Qd7 28. Nd2 Qc8 29. Nb3 c5 30. Na2 Ra8 31. Rxa8 Qxa8 32. Qxa8 Bxa8 33. Na5 Nc7 34. f3 f5 35. Kf2 Kf7 36. g3 Ke6 37. Ke3 g5 38. b4 h5 39. Nb3 Na6 40. Nd2 Bc6 41. f4 gxf4+ 42. gxf4 fxe4 43. dxe4 exf4+ 44. Kxf4 Kf6 45. Nf1 Nc7 46. Nc1 Ne6+ 47. Ke3 Ng5 48. Nd2 Ne6 49. Nd3 c4 50. Nf4 Nxf4 51. Kxf4 Bd7 52. Nf3 Be8 53. Nd4 Bd7 54. h4 Kg6 55. e5 dxe5+ 56. Kxe5 Be8 57. Kd5 Kf6 58. Kc5 Ke5 59. Nxb5 Kf4 60. Nd6 Bd7 61. Nxc4 1-0

[Event "KSA SSS 16/17 Hostivice-Revnice"]
[Site "ChessDB.cz"]
[Date "2017.01.15"]
[Round "-"]
[White "Dbaly, Vaclav"]
[Black "Paukert, Jan"]
[Result "0-1"]
[WhiteElo "1792"]
[BlackElo "1908"]
1. e4 e5 2. Nf3 Nc6 3. Bb5 a6 4. Ba4 Nf6 5. O-O b5 6. Bb3 Bc5 7. d3 O-O 8. Bg5 h6 9. Bh4 d6 10. Nc3 Na5 11. h3 Nxb3 12. axb3 c6 13. Kh1 Qe7 14. Qd2 Qe6 15. Nh2 Nh5 16. Ne2 g5 17. Bg3 f5 18. exf5 Qxf5 19. d4 exd4 20. Nxd4 Qd5 21. Ndf3 Nxg3+ 22. fxg3 Qxd2 23. Nxd2 Bd4 24. c3 Be5 25. g4 c5 26. Nhf3 Bf4 27. Rfe1 Bb7 28. Re2 Rae8 29. Rae1 Kf7 30. Kg1 Bg3 31. Rxe8 Rxe8 32. Rxe8 Kxe8 33. Kf1 Ke7 34. Ke2 Ke6 35. Nf1 Bf4 36. Ne3 Be4 37. Kf2 d5 38. g3 Bxe3+ 39. Kxe3 Bxf3 40. Kxf3 Ke5 41. Ke3 d4+ 42. Kd3 Kd5 43. b4 c4+ 44. Kd2 d3 45. Ke3 Ke5 46. h4 Kd5 47. hxg5 hxg5 48. Kf3 d2 49. Ke2 Ke4 0-1

[Event "KSA SSS 16/17 Hostivice - Libcice"]
[Site "ChessDB.cz"]
[Date "2016.12.11"]
[Round "-"]
[White "Dbaly, Vaclav"]
[Black "Jilemnicky, Jaromir"]
[Result "0-1"]
[WhiteElo "1801"]
[BlackElo "1461"]
1. e4 e5 2. Nf3 Nc6 3. Bb5 Be7 4. c3 Nf6 5. d3 a6 6. Ba4 b5 7. Bb3 h6 8. h3 Bc5 9. Nbd2 d6 10. Nf1 Ne7 11. Be3 Ba7 12. a4 Bxe3 13. Nxe3 Bd7 14. axb5 axb5 15. O-O O-O 16. Qd2 Qc8 17. Rfc1 Nh5 18. Kh2 Kh8 19. g4 Nf4 20. Nf5 Nxf5 21. exf5 g6 22. Nh4 Kh7 23. Qe3 gxf5 24. gxf5 Bxf5 25. Nxf5 Qxf5 26. Qe4 Qxe4 27. dxe4 Nd3 28. Rxa8 Rxa8 29. Rc2 f6 30. Rd2 Nf4 31. Kg3 h5 32. f3 Rf8 33. Rh2 f5 34. exf5 Kh6 35. Bc2 Kg5 36. h4+ Kf6 37. Kf2 Ra8 38. Ke3 Ra1 39. Kd2 Rg1 40. Ke3 Rg2 41. Rxg2 Nxg2+ 42. Kf2 Nxh4 43. Be4 Nxf5 44. Bd5 b4 45. Bg8 Kg5 46. Bf7 bxc3 47. bxc3 h4 48. Be6 Kf4 49. Bd5 Ne7 50. Bc4 c5 51. Bf1 Nc8 52. Bh3 Nb6 53. Be6 d5 54. Bg4 d4 55. cxd4 exd4 56. Be6 Na4 57. Bh3 Nb2 58. Ke2 c4 59. Bg4 c3 60. Bh3 d3+ 61. Ke1 d2+ 62. Kf2 0-1

[Event "KSA SSS 16/17 Slany-Velvary - Hostivice"]
[Site "ChessDB.cz"]
[Date "2016.11.27"]
[Round "-"]
[White "Dbaly, Vaclav"]
[Black "Vokaty, Frantisek"]
[Result "0-1"]
[WhiteElo "1792"]
[BlackElo "1706"]
1. e4 d6 2. d4 Nf6 3. Nc3 c6 4. f4 g6 5. Nf3 Bg7 6. Bd3 Qc7 7. h3 O-O 8. Be3 Nbd7 9. Qd2 e5 10. O-O-O b5 11. fxe5 dxe5 12. Bh6 Bb7 13. Bxg7 Kxg7 14. g4 exd4 15. Nxd4 Rad8 16. g5 Nh5 17. Nde2 Ne5 18. Qe3 a6 19. Rhf1 c5 20. Nf4 Nxf4 21. Rxf4 Rd7 22. Be2 Rfd8 23. Rxd7 Qxd7 24. Rf1 Qe7 25. Rd1 Rxd1+ 26. Nxd1 Nd7 27. Nf2 f5 28. Qc3+ Kg8 29. h4 Bxe4 30. Qe3 Qe5 31. Qd2 Bc6 32. Nd3 Qd4 33. Nf4 Qxd2+ 34. Kxd2 Kf7 35. Ke3 Ke7 36. h5 Nf8 37. Bf3 Bxf3 38. Kxf3 gxh5 39. Nd5+ Kf7 40. Kf4 h4 41. Ne3 Ne6+ 42. Kxf5 h3 43. Nf1 Nd4+ 44. Kg4 Nxc2 45. Kxh3 Ne1 46. Ne3 Nd3 47. Nd1 b4 48. Kg4 Kg6 49. Kh4 a5 50. Kg4 a4 51. Kh4 c4 52. Kg4 Nxb2 53. Nxb2 c3 54. Nd3 b3 0-1

[Event "KSA SSS 16/17 Hostivice a-Melnik A"]
[Site "ChessDB.cz"]
[Date "2016.11.13"]
[Round "-"]
[White "Dbaly, Vaclav"]
[Black "Matas, Stanislav"]
[Result "0-1"]
[WhiteElo "1792"]
[BlackElo "1764"]
1. e4 c5 2. f4 d5 3. e5 Nh6 4. Nf3 Nc6 5. c3 Qb6 6. Na3 e6 7. h3 Nf5 8. g4 Ng3 9. Rg1 Nxf1 10. Rxf1 Be7 11. Qc2 Bd7 12. h4 d4 13. Nc4 Qc7 14. d3 O-O-O 15. Bd2 b5 16. Na3 a6 17. Rc1 Kb7 18. Ke2 dxc3 19. bxc3 c4 20. Qb2 cxd3+ 21. Kxd3 Na5 22. Ke2 Bc6 23. Nd4 Bxa3 24. Qxa3 Nc4 25. Qb3 Bd5 26. Qb4 Nxd2 27. Kxd2 Bc4 28. Rfe1 Qc6 29. Qe7+ Rd7 30. Qa3 Rhd8 31. Ke3 Qg2 32. Rg1 Qh3+ 33. Kf2 Rxd4 34. Rce1 Rxf4# 0-1

[Event "KSA SSS 16/17 Kolesovice-Hostivice"]
[Site "ChessDB.cz"]
[Date "2016.10.30"]
[Round "-"]
[White "Dbaly, Vaclav"]
[Black "Hinz, Frantisek"]
[Result "0-1"]
[WhiteElo "1511"]
[BlackElo "2368"]
1. e4 c5 2. f4 d6 3. Nf3 Nc6 4. Nc3 Nf6 5. d3 a6 6. Be2 g6 7. Bd2 Bg7 8. h3 Nh5 9. g4 Ng3 10. Rg1 Nxe2 11. Qxe2 Qb6 12. Kf2 e6 13. Kg2 Nd4 14. Nxd4 Bxd4 15. Rgb1 Bd7 16. Nd1 Bc6 17. c3 Bg7 18. b4 cxb4 19. Rxb4 Qxb4 20. cxb4 Bxa1 21. Kg3 Bg7 22. Ne3 O-O 23. g5 f5 24. exf5 exf5 25. Nc4 Rae8 26. Qf2 Re6 27. Na5 Bd5 28. Nb3 Bxb3 29. axb3 Rfe8 30. Kf3 Re2 31. Qxe2 Rxe2 32. Kxe2 Kf7 33. Ke3 Ke6 34. d4 Kd5 35. Bc3 Bf8 36. Kd3 Kc6 37. Kc4 d5+ 38. Kd3 Kb5 39. Bd2 Bxb4 40. Bc1 a5 41. Kc2 Be1 42. Ba3 a4 43. Bd6 Bb4 44. Be5 a3 45. Kb1 Bf8 46. Kc1 Kb4 47. Kc2 a2 48. Kb2 a1=Q+ 49. Kxa1 Kxb3 50. Kb1 Kc3 51. Kc1 Kd3 52. Kb2 Bb4 53. Kb3 Bc3 0-1

[Event "KSA SSS 16/17, Hostivice A-A"]
[Site "ChessDB.cz"]
[Date "2016.10.09"]
[Round "-"]
[White "Dbaly, Vaclav"]
[Black "Stluka, Frantisek"]
[Result "0-1"]
[WhiteElo "1792"]
[BlackElo "2095"]
1. e4 e6 2. d4 d5 3. exd5 exd5 4. Nf3 Bd6 5. c3 Ne7 6. Bd3 c6 7. h3 Bf5 8. Qe2 Bxd3 9. Qxd3 Qc7 10. Nbd2 Nd7 11. Nf1 Nf6 12. Be3 O-O 13. N1d2 Rfe8 14. O-O-O a5 15. g4 b5 16. Rdg1 b4 17. Kc2 Ng6 18. h4 Ne4 19. Ng5 Nxd2 20. Bxd2 c5 21. Be3 Nf8 22. h5 Bf4 23. h6 g6 24. Nf3 c4 25. Qd1 Bxe3 26. fxe3 Rxe3 27. Ne5 f6 28. Qd2 Re4 29. Nf3 Qd7 30. Re1 Qxg4 31. Rxe4 Qxe4+ 0-1

[Event "KSA SSS 15/16, Hostivice - Bustehrad"]
[Site "ChessDB.cz"]
[Date "2016.04.17"]
[Round "-"]
[White "Dbaly, Vaclav"]
[Black "Svach, Jan"]
[Result "1/2-1/2"]
[WhiteElo "1735"]
[BlackElo "1863"]
1. e4 e5 2. Nf3 Nc6 3. Bb5 a6 4. Bxc6 dxc6 5. O-O Bg4 6. d3 Bc5 7. h3 Bxf3 8. Qxf3 Qf6 9. Qg3 Ne7 10. Nd2 Ng6 11. Nf3 Qd6 12. Bd2 O-O-O 13. a3 f6 14. Kh1 Rdg8 15. Nh2 Nf4 16. b4 Ba7 17. Ng4 h5 18. Ne3 g5 19. Nf5 Qd7 20. Be3 Kb8 21. Bxa7+ Kxa7 22. Rad1 h4 23. Qg4 Qe6 24. Ne3 Rd8 25. Qxe6 Nxe6 26. Ng4 Rhf8 27. f3 Nd4 28. Ne3 Nb5 29. a4 Nc3 30. Ra1 Rd4 31. Ra3 Ne2 32. Rb1 Rdd8 33. b5 Nd4 34. bxa6 bxa6 35. Kg1 Rb8 36. Rxb8 Rxb8 37. Kf2 Rb2 38. Rc3 Ra2 39. Rc4 Kb6 40. Ke1 Ka5 41. Kd2 Rxa4 42. Rxa4+ Kxa4 43. Ng4 Ne6 44. Nxf6 Kb4 45. Nd7 a5 46. Nxe5 c5 47. Nc4 a4 48. c3+ Kb3 49. Na5+ Kb2 50. Nc4+ Kb3 51. Na5+ Kb2 52. Nc4+ Kb1 53. Na3+ 1/2-1/2

[Event "KSA SSS 15/16, Neratovice C- -Hostivice"]
[Site "ChessDB.cz"]
[Date "2016.04.03"]
[Round "-"]
[White "Dbaly, Vaclav"]
[Black "Verner, Jan"]
[Result "1-0"]
[WhiteElo "1779"]
[BlackElo "1793"]
1. e4 e5 2. Nf3 Nc6 3. Bb5 Bc5 4. Bxc6 dxc6 5. O-O f6 6. h3 Be6 7. d3 Qd7 8. Be3 Bxe3 9. fxe3 O-O-O 10. Qe1 g5 11. Nbd2 g4 12. hxg4 Bxg4 13. Qh4 Qg7 14. Kf2 Ne7 15. Rh1 Rdg8 16. Rag1 h5 17. Ke1 Ng6 18. Qf2 Qf7 19. b3 Qe7 20. Nb1 Rh7 21. Kd2 Rhg7 22. Ne1 Nf8 23. Nc3 Nd7 24. Kc1 Qa3+ 25. Kb1 c5 26. Ne2 b5 27. Ng3 Rg5 28. Nf5 c4 29. dxc4 bxc4 30. bxc4 Nc5 31. Ne7+ Kd7 32. Nxg8 Rxg8 33. Qd2+ Ke7 34. Nd3 Na4 35. Qb4+ Qxb4+ 36. Nxb4 Nc3+ 37. Ka1 Nxe4 38. Nc6+ Kf7 39. Rb1 Be2 40. Rb7 Rxg2 41. Rxc7+ Kg6 42. Kb2 Kf5 43. c5 Ng3 44. Rg7 Bf3 45. Ne7+ Ke6 46. Rh3 Bg4 47. Rh4 Ne4 48. c6 Kd6 49. Rh1 Rg3 50. Re1 h4 51. c7 Be6 52. Rxg3 Nxg3 53. c8=Q Bxc8 54. Nxc8+ Kc7 55. Nxa7 h3 56. Nb5+ Kb6 57. Nc3 h2 58. Nd5+ Kc5 59. Nxf6 h1=Q 60. Rxh1 Nxh1 61. Kc3 Nf2 62. Kd2 Kb4 63. Ke2 Nh3 64. Ng4 e4 65. Kd2 Ng5 66. Nf2 Ka3 67. Kc3 Kxa2 68. Kd4 Kb2 69. c4 Kb3 70. Kd5 Kc3 71. Nxe4+ Nxe4 72. Kxe4 Kxc4 73. Ke5 Kc5 74. Ke6 Kc6 75. e4 1-0

[Event "KSA SSS 15/16, Hostivice A-Uholicky B"]
[Site "ChessDB.cz"]
[Date "2016.03.13"]
[Round "-"]
[White "Dbaly, Vaclav"]
[Black "Kretschmer, Jaroslav"]
[Result "1/2-1/2"]
[WhiteElo "1735"]
[BlackElo "1870"]
1. e4 c5 2. Nf3 Nc6 3. d4 cxd4 4. Nxd4 Nf6 5. Nc3 d6 6. Be3 Bd7 7. Be2 e6 8. Ndb5 d5 9. exd5 exd5 10. Nxd5 Nxd5 11. Qxd5 Be6 12. Qxd8+ Kxd8 13. c3 Be7 14. O-O Kc8 15. Rfd1 Rd8 16. b3 a6 17. Rxd8+ Nxd8 18. Nd4 Bd7 19. Bf3 Kc7 20. Rd1 Nc6 21. Bf4+ Kb6 22. Ne2 Be6 23. Bxc6 bxc6 24. Kf1 c5 25. c4 a5 26. Nc3 Rd8 27. Rxd8 Bxd8 28. Bd6 Kc6 29. Bf8 g6 30. Ne4 Bb6 31. Ke2 Bf5 32. Ke3 h5 33. h3 Be6 34. f3 a4 35. Kd3 axb3 36. axb3 Bf5 37. g4 hxg4 38. hxg4 Bd7 39. Nf6 Be6 40. Ke4 Bc7 41. f4 Bd8 42. g5 Bf5+ 43. Ke3 Bc2 44. b4 cxb4 45. Bxb4 Bxf6 46. gxf6 Bf5 47. Be7 Be6 1/2-1/2